• 首页
  • 本馆介绍
  • 公告通知
  • 最新文献
  • 馆藏检索
  • 电子资源
  • 读者导购
  • 参考咨询
  • 我的图书馆
  • 登录
  • 详细信息显示
  • 放入我的书架
  • 预约/预借图书
  • 作者相关作品
  • 分类相关作品
  • 丛书相关作品
  • 出版社相关作品

书目信息

  • 表格格式
  • 工作单格式
  • 卡片格式
书名: Language files
作者: editors, Thomas W. Stewart, Jr., Nathan Vaillette.
分册号:
分册名:
出版地: Columbus, :
 
出版社: Ohio State University Press
出版时间: c2001.
页数: xv, 508 p. :
开本: 29 cm.
丛书名:
中图分类号:
科图分类号:
其他分类号: H0
主题词:
电子资源:
000 01154cam a2200289 a 450
001 E0761014895
005 20070320085559.81
008 010126s2001 ohua 001 0 eng
010    @a2001021049
020    @a0814250769 (pbk. : alk. paper).
020    @a0814208762 (alk. paper).
040    @aDLC@cDLC@dDLC
050 00 @aP121@b.L3855 2001
082 00 @a410@2 21
090    @aH0
099    @dH0@ex65=8
245 00 @aLanguage files :@bmaterials for an introduction to language & linguistics / @ceditors, Thomas W. Stewart, Jr., Nathan Vaillette.
250    @a8th ed.
260    @aColumbus, :@bOhio State University Press,@cc2001.
300    @axv, 508 p. :@bill., ;@c29 cm.
500    @aIncludes bibliographical references and index.
650  0 @aLinguistics.
700 1  @aVaillette, Nathan.
700 1  @aStewart, Thomas W.
906    @a7@bcbc@corignew@d1@eocip@f20@gy-gencatlg
925 0  @aacquire@b2 shelf copies@xpolicy default
955    @ato HLCD pc16 01-26-01; lg09 to le03 01-30-01; le03 01-31-01; le02 to Dewey 01-31-01;aa03 1-31-01@aps14 2001-11-09 bk rec’d, to CIP ver.@flk18 2002-02-12@glk18 2002-02-12@apv19 2002-07-23 cp2 to BCCD
    
    Language files : : materials for an introduction to language & linguistics / / editors, Thomas W. Stewart, Jr., Nathan Vaillette.-8th ed.-Columbus, : : Ohio State University Press, , c2001.
    xv, 508 p. : : ill., ; ; 29 cm.
    Includes bibliographical references and index.
    
    ISBN 0814250769 (pbk. : alk. paper).
    
●
相关链接 在E读中查询图书 在五车中查询图书 在当当中查询图书 在豆瓣中查询图书


正题名:Language files     索取号:H0/x65=8         预约/预借

序号 登录号 条形码 馆藏地/架位号 状态 备注
1 0001915   300019156   第二样本阅览室/ [索取号:H0/x65=8] 在馆    
2 0002779   300027799   第四借阅区/ [索取号:H0/x65=8] 在馆    
3 0002882   300028823   第四借阅区/ [索取号:H0/x65=8] 在馆    
4 0002883   300028832   第四借阅区/ [索取号:H0/x65=8] 在馆    
唐山师范学院图书馆 欢迎您!
大连网信软件有限公司© 版权所有